000 00627nam a2200241Ia 4500
003 OSt
005 20220924114849.0
006 a|||||r|||| 00| 0
007 ta
008 220923b |||||||| |||| 00| 0 ara d
024 _a338375
037 _cTextual
040 _aARTS
_cARTS
_bara
041 _2ara
_aara
082 _aO28,3NUS1,24, P6
100 _aIdris Yusuf
245 0 _aAl baydha
260 _aCairo
_bMaktaba-e-Misr Egypt
_c2006
300 _a306p.
_ccm.
650 _aARABIC FICTION
_964594
942 _hO28,3NUS1,24, P6
_cTEXL
_2CC
999 _c395690
_d395690